Name A City In Each Oregon County - Statistics

General Stats
  • This quiz has been taken 112 times
  • The average score is 26 of 36
Answer Stats
County Cities % Correct
Multnomah Portland | Gresham | Troutdale | Fairview | Wood Village | Maywood Park
97%
Deschutes Bend | Redmond | Sisters | La Pine
94%
Lane Eugene | Springfield | Cottage Grove | Florence | Junction City | Creswell | Veneta | Oakridge | Dunes City | Coburg | Lowell | Westfir
90%
Clackamas Oregon City | West Linn | Happy Valley | Canby | Gladstone | Sandy | Molalla | Estacada | Johnson City | Barlow | Milwaukie | Lake Oswego | Wilsonville | Rivergrove | Government Camp
90%
Marion Salem | Keizer | Woodburn | Silverton | Stayton | Aumsville | Mt. Angel | Hubbard | Jefferson | Sublimity | Gervais | Turner | Donald | Aurora | St. Paul | Scotts Mills | Detroit | Mill City | Gates | Idanha
90%
Benton Corvallis | Philomath | Adair Village | Monroe
89%
Grant John Day | Prairie City | Canyon City | Mount Vernon | Seneca | Long Creek | Dayville | Monument | Grant
86%
Coos Coos Bay | North Bend | Coquille | Bandon | Myrtle Point | Lakeside | Powers
85%
Hood River Hood River | Cascade Locks
85%
Jackson Medford | Ashland | Central Point | Eagle Point | Talent | Phoenix | Shady Cove | Jacksonville | Rogue River | Gold Hill | Butte Falls
85%
Lincoln Newport | Lincoln City | Toledo | Waldport | Depoe Bay | Siletz | Yachats
85%
Clatsop Astoria | Seaside | Warrenton | Cannon Beach | Gearhart
83%
Klamath Klamath Falls | Merrill | Malin | Chiloquin | Bonanza
83%
Tillamook Tillamook | Rockaway Beach | Bay City | Garibaldi | Manzanita | Wheeler | Nehalem
83%
Washington Hillsboro | Beaverton | Aloha | Tigard | Forest Grove | Sherwood | Cornelius | King City | North Plains | Banks | Durham | Tualatin | Gaston
82%
Umatilla Hermiston | Pendleton | Umatilla | Milton-Freewater | Stanfield | Pilot Rock | Athena | Echo | Weston | Adams | Ukiah | Helix
79%
Yamhill McMinnville | Newberg | Sheridan | Lafayette | Dundee | Dayton | Carlton | Amity | Yamhill | Willamina
78%
Linn Albany | Lebanon | Sweet Home | Harrisburg | Millersburg | Brownsville | Tangent | Lyons | Scio | Halsey | Sodaville | Waterloo
75%
Baker Baker City | Huntington | Haines | Halfway | Sumpty | Richland | Unity | Greenhorn
75%
Wasco The Dalles | Dufur | Mosier | Maupin | Antelope | Shaniko
74%
Josephine Grants Pass | Cave Junction
69%
Malheur Ontario | Nyssa | Vale | Adrian | Jordan Valley
69%
Columbia St. Helens | Scappoose | Vernonia | Columbia City | Rainier | Clatskanie | Prescott
69%
Wallowa Enterprise | Joseph | Wallowa | Lostine
67%
Polk Dallas | Monmouth | Independence | Falls City
64%
Douglas Roseburg | Sutherlin | Winston | Reedsport | Myrtle Creek | Canyonville | Riddle | Drain | Yoncalla | Oakland | Glendale | Elkton
64%
Curry Brookings | Gold Beach | Port Orford
61%
Union La Grande | Union | Elgin | Island City | Cove | North Powder | Imbler | Summerville
61%
Harney Burns | Hines
60%
Jefferson Madras | Culver | Metolius
57%
Lake Lakeview | Paisley
56%
Crook Prineville
54%
Sherman Wasco | Moro | Rufus | Grass Valley
46%
Wheeler Fossil | Spray | Mitchell
42%
Morrow Boardman | Irrigon | Heppner | Ione | Lexington
38%
Gilliam Condon | Arlington | Lonerock
38%
No matching quizzes found
Score Distribution
Percent of People with Each Score
Percentile by Number Answered
Your Score History
You have not taken this quiz